MLB Year in Review 2001 - Statistics

General Stats
  • This quiz has been taken 5 times
  • The average score is 19 of 25
Answer Stats
Answer % Correct
NL MVP (SFG) Barry Bonds
100%
WAR Leader (11.9 SFG) Barry Bonds
100%
Home Run Leader (73) Barry Bonds
100%
Saves Leader (50) Mariano Rivera
100%
World Series Loser New York Yankees
100%
NL Cy Young (ARI) Randy Johnson
100%
ERA Leader (2.49 ARI) Randy Johnson
100%
Strike Outs Leader (372) Randy Johnson
100%
AL Cy Young (NYY) Roger Clemens
100%
NL Rookie of the Year (STL) Albert Pujols
80%
World Series Winner Arizona Diamondbacks
80%
AL MVP (SEA) Ichiro Suzuki
80%
AL Rookie of the Year (SEA) Ichiro Suzuki
80%
Hits Leader (242 SEA) Ichiro Suzuki
80%
Stolen Base Leader (56) Ichiro Suzuki
80%
Batting Champion (.350) Ichiro Suzuki | Larry Walker
80%
ALCS Loser Seattle Mariners
80%
Best Record (116 - 46) Seattle Mariners
80%
NLCS Loser Atlanta Braves
60%
Worst Record (62 - 100) Pittsburgh Pirates | Tampa Bay Devil Rays
60%
Name 1 HOF Inductee (4) Bill Mazeroski | Kirby Puckett | Hilton Smith | Dave Winfield
40%
RBI Leader (160) Sammy Sosa
40%
Doubles Leader (55 HOU) Lance Berkman
20%
Wins Leader (22) Matt Morris | Curt Schilling
20%
Triples Leader (14 MIN) Cristian Guzmán
0%
No matching quizzes found
Score Distribution
Percent of People with Each Score
Percentile by Number Answered
Your Score History
You have not taken this quiz